Central Library OPAC University of Rajshahi

European civilization : (Record no. 27136)

MARC details
000 -LEADER
fixed length control field 01044nam a2200313 a 4500
001 - CONTROL NUMBER
control field 27136
003 - CONTROL NUMBER IDENTIFIER
rucl marc code bd-rjul
005 - DATE AND TIME OF LATEST TRANSACTION
control field 20211209051122.0
008 - FIXED-LENGTH DATA ELEMENTS--GENERAL INFORMATION
fixed length control field 140324m1935 enkab 001 0 eng d
035 ## - SYSTEM CONTROL NUMBER
System control number (bd-rjul)27207
040 ## - CATALOGING SOURCE
Original cataloging agency EYZ
Transcribing agency EYZ
Modifying agency EQO
Language of cataloging eng
041 ## - LANGUAGE CODE
Language code of text/sound track or separate title eng
082 ## - DEWEY DECIMAL CLASSIFICATION NUMBER
Classification number 940
Author mark and year EUR 1935
090 ## - LOCALLY ASSIGNED LC-TYPE CALL NUMBER (OCLC); LOCAL CALL NUMBER (OCLC)
Classification number (OCLC) (R) ; Classification number, CALL (RLIN) (NR) CB201
Local cutter number (OCLC) ; Book number/undivided call number, CALL (RLIN) .E89
245 00 - TITLE STATEMENT
Title European civilization :
Remainder of title its origin and development /
Statement of responsibility, etc. by various contributors under the direction of Edward Eyre.
Number of part/section of a work V-1
250 ## - EDITION STATEMENT
Edition statement Reissue
260 ## - PUBLICATION, DISTRIBUTION, ETC. (IMPRINT)
Place of publication, distribution, etc. London :
Name of publisher, distributor, etc. Oxford University Press,
Date of publication, distribution, etc. 1935
300 ## - PHYSICAL DESCRIPTION
Pagination 844 p:
Illustrations ill. ;
Size 23 cm.
500 ## - GENERAL NOTE
General note Each vol.includes bibliographical notes and index.
General note Vol. 1. Prehistoric man and earliest known societies.
504 ## - BIBLIOGRAPHY, ETC. NOTE
Bibliography, etc includes index
650 #0 - SUBJECT ADDED ENTRY--TOPICAL TERM
Topical term or geographic name as entry element Civilization
General subdivision History.
9 (RLIN) 83313
Topical term or geographic name as entry element Religions
General subdivision History
9 (RLIN) 5390
651 #0 - SUBJECT ADDED ENTRY--GEOGRAPHIC NAME
Geographic name Europe
General subdivision Civilization
-- History
9 (RLIN) 83314
Geographic name Europe
General subdivision History
9 (RLIN) 83315
700 1# - ADDED ENTRY--PERSONAL NAME
Personal name Eyre, Edward.
942 ## - ADDED ENTRY ELEMENTS (KOHA)
Source of classification or shelving scheme Dewey Decimal Classification
Koha item type Books
Holdings
Lost status Source of classification or shelving scheme Damaged status Not for loan Collection code Permanent Location Current Location Shelving location Date acquired Source of acquisition Cost, normal purchase price Total Checkouts Full call number Date last seen Copy number Koha item type
  Dewey Decimal Classification   Added to bundle Non-fiction Central Library, University of Rajshahi Central Library, University of Rajshahi Reading Room 13/09/1955 B.H.Black well 12.12   940 EUR V-1 1935 24/03/2014 C-1 Books